000 00984cad a22002055a 4500
001 L152033
008 110607s2010 xxk f 000 0 eng d
035 _a(Sirsi) u152033
041 0 _aeng
110 2 _aConstructing Excellence in the Built Environment
_94925
245 0 0 _a2010 UK industry performance report based on the UK construction industry key performance indicators KPI
_h[electronic resource]
250 _a12th ed.
260 _a2010
520 _aKey performance indicators or KPI based on data from thousands of construction projects collated from government and industry surveys; enables individual firms to benchmark their performance with other firms; data covers 1999-2010.
590 _aKA NTK
651 4 _aUnited Kingdom
_y
690 _aBUILT ENVIRONMENT-CONSTRUCTION MANAGEMENT
856 4 0 _uhttps://www.constructingexcellence.org.uk/news/pdf_news_articles/KPIv6.pdf
_z View this item free of charge at www.constructingexcellence.org.uk
942 _n0
999 _c111805
_d111805